MARC

LEADER 00000nam0a2200000 4500
001 217906
005 20231101230146.0
010 |a 5020067067 
035 |a (RuTPU)RU\TPU\book\237910 
090 |a 217906 
100 |a 20120609d1990 k y0rusy50 ca 
101 0 |a rus 
102 |a RU 
105 |a a z 001zy 
200 1 |a Обращение волнового фронта при вынужденном рассеянии света  |e [монография]  |f В. В. Рагульский  |g Академия наук СССР (АН СССР), Институт проблем механики (ИПМех) ; отв. ред. Ю. Н. Денисюк 
210 |a Москва  |c Наука  |d 1990 
215 |a 181 с.  |c ил. 
320 |a Библиогр.: с. 166-177. 
320 |a Предметный указатель: с. 178-179. 
606 1 |a Свет  |x Рассеяние вынужденное  |2 stltpush  |3 (RuTPU)RU\TPU\subj\54140  |9 72299 
610 1 |a нелинейная оптика 
610 1 |a обращение 
610 1 |a обращенные волны 
610 1 |a интерферометры 
610 1 |a экспериментальная техника 
610 1 |a измерительная аппаратура 
610 1 |a оптические исследования 
675 |a 535.36  |v 3 
700 1 |a Рагульский  |b В. В.  |g Валерий Валерианович 
702 1 |a Денисюк  |b Ю. Н.  |4 340 
712 0 2 |a Академия наук СССР (АН СССР)  |b Институт проблем механики (ИПМех)  |c (Москва)  |2 stltpush  |3 (RuTPU)RU\TPU\col\11549 
801 1 |a RU  |b 63413507  |c 20120609 
801 2 |a RU  |b 63413507  |c 20130627  |g RCR 
942 |c BK